000 00409nam a2200145Ia 4500
008 230917s9999||||xx |||||||||||||| ||und||
040 _e62532
_aMAIN
041 _aEnglish
082 _a515.7 H496R
100 _aHewitt, Edwin
245 0 _aReal & abstract analysis: a modern treatment of the theory of functions of a real variable
260 _aNew Delhi
_bNarosa
_c1978
300 _a476 p.
942 _cBK
999 _c209606
_d209606